[Event "Gaia Profigaia op 17th"]
[Site "Vila Nova de Gaia"]
[Date "2017.06.15"]
[Round "3"]
[White "Fernandes, Claudio Micael Sous"]
[Black "Soares, Sara Joana de Moura"]
[Result "1-0"]
[WhiteElo "1661"]
[BlackElo "1183"]
[PlyCount "75"]
[EventDate "2017.06.14"]
[EventType "swiss"]
[EventRounds "7"]
[EventCountry "POR"]
[SourceTitle "CBM 179 Extra"]
[Source "ChessBase"]
[SourceDate "2017.08.23"]
[SourceVersion "1"]
[SourceVersionDate "2017.08.23"]
[SourceQuality "1"]

1. e4 e5 2. d4 exd4 3. c3 dxc3 4. Bc4 Nc6 5. Nxc3 Bc5 6. Qh5 Qf6 7. Qxc5 d6 8. Qb5 a6 9. Qa4 b5 10. Bxb5 axb5 11. Qxa8 Kd7 12. Nge2 Qd8 13. Nxb5 h6 14. Be3 Ne5 15. Ned4 Ke8 16. f4 Nd7 17. Nc6 Nb6 18. Bxb6 Qd7 19. Nxc7+ Kf8 20. e5 Ne7 21. Nxe7 Kxe7 22. exd6+ Kf8 23. 0-0 Kg8 24. Rae1 Kh7 25. Re7 Qxd6 26. Qe4+ Qg6 27. f5 Qxb6+ 28. Kh1 Qf6 29. Nd5 Qg5 30. f6+ Qg6 31. Rxf7 Rg8 32. fxg7 Qxe4 33. Nf6+ Kg6 34. Nxg8 Bb7 35. Ne7+ Kg5 36. g8Q+ Kh5 37. R7f5+ Kh4 38. Qg3# 1-0

[Event "Porto Axis op"]
[Site "Porto"]
[Date "2014.03.17"]
[Round "7"]
[White "Pereira, Antonio Pedro Caram"]
[Black "Fernandes, Claudio Micael Sous"]
[Result "1-0"]
[WhiteElo "2104"]
[BlackElo "1689"]
[PlyCount "103"]
[EventDate "2014.03.11"]
[EventType "swiss"]
[EventRounds "7"]
[EventCountry "POR"]
[SourceTitle "EXT 2015"]
[Source "ChessBase"]
[SourceDate "2014.11.20"]
[SourceVersion "1"]
[SourceVersionDate "2014.11.20"]
[SourceQuality "1"]

1. Nf3 Nf6 2. d4 g6 3. c4 Bg7 4. Nc3 0-0 5. e4 d6 6. Be2 e5 7. 0-0 Nc6 8. d5 Ne7 9. Ne1 Nd7 10. f3 f5 11. g4 f4 12. h4 a5 13. Ng2 Nc5 14. Bd2 h5 15. g5 a4 16. Be1 Bd7 17. Bf2 Nc8 18. Qc2 Qe8 19. Rab1 Rf7 20. b4 axb3 21. axb3 Bf8 22. b4 Na6 23. Rfc1 c5 24. bxc5 Nxc5 25. Bxc5 dxc5 26. Rxb7 Nd6 27. Rbb1 Ra3 28. Nb5 Bxb5 29. cxb5 Rb7 30. Qxc5 Nxe4 31. Qc6 Rb8 32. Qxe8 Rxe8 33. fxe4 f3 34. b6 fxe2 35. b7 Rh3 36. b8Q Rxb8 37. Rxb8 Rg3 38. Kf2 Rg4 39. Kf3 Kg7 40. Rb2 Ba3 41. Rc7+ Kg8 42. Rxe2 Bf8 43. Ra2 Bg7 44. Ra8+ Kh7 45. Raa7 Kh8 46. d6 Bf8 47. Rh7+ Kg8 48. Rag7+ Bxg7 49. Rxg7+ Kh8 50. Rxg6 Kh7 51. Rh6+ Kg7 52. Rxh5 1-0

[Event "Porto Axis op"]
[Site "Porto"]
[Date "2014.03.14"]
[Round "4"]
[White "Fernandes, Claudio Micael Sous"]
[Black "Morais, Vitor Mestre"]
[Result "0-1"]
[WhiteElo "1689"]
[BlackElo "2033"]
[PlyCount "112"]
[EventDate "2014.03.11"]
[EventType "swiss"]
[EventRounds "7"]
[EventCountry "POR"]
[SourceTitle "EXT 2015"]
[Source "ChessBase"]
[SourceDate "2014.11.20"]
[SourceVersion "1"]
[SourceVersionDate "2014.11.20"]
[SourceQuality "1"]

1. e4 d5 2. exd5 Qxd5 3. Nc3 Qd6 4. d4 Nf6 5. Bc4 a6 6. Qd3 Nc6 7. Nge2 Nb4 8. Qd1 Bf5 9. Bb3 e6 10. Bf4 Qd7 11. Qd2 Be7 12. 0-0-0 0-0 13. Ng3 Bg6 14. h4 h5 15. Bg5 Rfd8 16. Rhe1 b5 17. Nce4 Nbd5 18. Qe2 Qc6 19. Bxf6 Nxf6 20. Ng5 Rd6 21. d5 Nxd5 22. Nxh5 Rad8 23. Bxd5 Bxh5 24. Qxh5 Bxg5+ 25. hxg5 Rxd5 26. Rxd5 Qxd5 27. Rh1 Qd2+ 28. Kb1 Kf8 29. a3 Rd5 30. Qh8+ Ke7 31. Qc8 Rc5 32. Rh8 Qxc2+ 33. Ka2 Qc4+ 34. Ka1 Kd6 35. Qd8+ Ke5 36. Rh1 Kf5 37. Qe7 Kg6 38. f3 Rxg5 39. g4 Qf4 40. Rf1 Rxg4 41. Qc5 Rg2 42. Rh1 Qxf3 43. Qxc7 Qf2 44. Qc1 Qc2 45. Qxc2+ Rxc2 46. Rg1+ Kf6 47. Rh1 g5 48. b4 Kg6 49. a4 bxa4 50. b5 axb5 51. Rg1 f5 52. Rh1 g4 53. Rg1 Kg5 54. Re1 g3 55. Rxe6 g2 56. Re1 Rf2 0-1

[Event "St Joao da Madeira op 10th"]
[Site "Sao Joao da Madeira"]
[Date "2013.10.12"]
[Round "6.27"]
[White "Cardoso, Artur Da Silva"]
[Black "Fernandes, Claudio Micael Sous"]
[Result "0-1"]
[WhiteElo "1441"]
[BlackElo "1646"]
[PlyCount "76"]
[EventDate "2013.10.05"]
[EventType "swiss"]
[EventRounds "7"]
[EventCountry "POR"]
[SourceTitle "EXT 2015"]
[Source "ChessBase"]
[SourceDate "2014.11.20"]
[SourceVersion "1"]
[SourceVersionDate "2014.11.20"]
[SourceQuality "1"]

1. e4 d6 2. Bc4 e5 3. Nf3 Nf6 4. Nc3 Be7 5. d3 c6 6. h3 a5 7. a4 Be6 8. Bxe6 fxe6 9. Bg5 Qc7 10. Bxf6 gxf6 11. Nh4 Na6 12. Qh5+ Kd7 13. 0-0-0 d5 14. exd5 cxd5 15. Qe2 Nc5 16. b3 Nxb3+ 17. cxb3 Qxc3+ 18. Qc2 Ba3+ 19. Kb1 Qxc2+ 20. Kxc2 Rac8+ 21. Kd2 Bb4+ 22. Ke2 Rc2+ 23. Ke3 Bc5+ 24. Kf3 Rxf2+ 25. Kg3 Rg8+ 26. Kh2 f5 27. Rhf1 e4 28. dxe4 fxe4 29. Rc1 Be7 30. Rc3 Bxh4 31. Rg1 d4 32. Rc4 Rd2 33. Kh1 Bf2 34. Rgc1 e3 35. Rc7+ Kd6 36. Rxb7 e2 37. Rb6+ Ke5 38. Rb5+ Kf6 0-1

[Event "St Joao da Madeira op 10th"]
[Site "Sao Joao da Madeira"]
[Date "2013.10.06"]
[Round "4.13"]
[White "Fernandes, Claudio Micael Sous"]
[Black "Cavaleiro, Daniel Felipe Costa"]
[Result "0-1"]
[WhiteElo "1646"]
[BlackElo "1913"]
[PlyCount "79"]
[EventDate "2013.10.05"]
[EventType "swiss"]
[EventRounds "7"]
[EventCountry "POR"]
[SourceTitle "EXT 2015"]
[Source "ChessBase"]
[SourceDate "2014.11.20"]
[SourceVersion "1"]
[SourceVersionDate "2014.11.20"]
[SourceQuality "1"]

1. Nf3 Nf6 2. c4 e6 3. g3 b6 4. Bg2 Bb7 5. 0-0 Be7 6. b3 0-0 7. Bb2 Na6 8. d3 d5 9. Ne5 c6 10. Nd2 Ne8 11. Bh3 Nac7 12. cxd5 cxd5 13. Rc1 Bc5 14. d4 Bd6 15. Ndf3 f6 16. Nd3 Qe7 17. Re1 Na6 18. Rc2 Nb4 19. Nxb4 Bxb4 20. Bc3 Bd6 21. Qd3 Nc7 22. Rec1 Rf7 23. Bb2 e5 24. Nh4 g6 25. Nxg6 hxg6 26. Rxc7 Bxc7 27. Rxc7 Qxc7 28. Qxg6+ Kh8 29. dxe5 Rg8 30. Qh6+ Rh7 31. Qxf6+ Qg7 32. Be6 Rf8 33. g4 Rxf6 34. exf6 Qf8 35. g5 d4 36. Bxd4 Rf7 37. Bxf7 Qb4 38. Bd5 Qe1+ 39. Kg2 Bxd5+ 40. f3 0-1

[Event "Famalicao op 1st"]
[Site "Famalicao"]
[Date "2013.08.29"]
[Round "8.12"]
[White "Freitas, Ruben Manuel"]
[Black "Fernandes, Claudio Micael Sous"]
[Result "0-1"]
[WhiteElo "1506"]
[BlackElo "1626"]
[PlyCount "118"]
[EventDate "2013.08.26"]
[EventType "swiss"]
[EventRounds "9"]
[EventCountry "POR"]
[SourceTitle "EXT 2015"]
[Source "ChessBase"]
[SourceDate "2014.11.20"]
[SourceVersion "1"]
[SourceVersionDate "2014.11.20"]
[SourceQuality "1"]

1. d4 Nf6 2. c4 e6 3. Nf3 Bb4+ 4. Bd2 c5 5. a3 Bxd2+ 6. Nbxd2 cxd4 7. Nxd4 Qb6 8. N2b3 d6 9. e3 0-0 10. Bd3 Nc6 11. Qc2 Ne5 12. 0-0 Nxd3 13. Qxd3 Bd7 14. Rac1 Rac8 15. Rc3 Bc6 16. Nxc6 Rxc6 17. Nd4 Rc7 18. Nb5 Rd7 19. Qd4 Qxd4 20. Nxd4 Rc8 21. Rfc1 a6 22. f3 Rdc7 23. Kf2 Kf8 24. Ke2 Ke7 25. Kd2 Nd7 26. b4 Nb6 27. Kd3 Kd7 28. Nb3 d5 29. cxd5 Rxc3+ 30. Rxc3 Rxc3+ 31. Kxc3 Nxd5+ 32. Kd4 Kd6 33. Na5 e5+ 34. Kd3 b5 35. Nb3 f5 36. g3 g6 37. Nc5 Nc7 38. e4 h5 39. f4 exf4 40. gxf4 h4 41. e5+ Kd5 42. h3 g5 43. fxg5 Kxe5 44. Ke3 Nd5+ 45. Kf3 Nf4 46. g6 Nxg6 47. Nxa6 Nf4 48. Nc7 Nxh3 49. Nxb5 Ng5+ 50. Kg2 f4 51. Nc3 f3+ 52. Kh2 Kd4 53. Nd1 Kd3 54. Nf2+ Ke2 55. Ng4 Ne4 56. Kg1 h3 57. b5 Nf6 58. Nh2 f2+ 59. Kh1 Ng4 0-1

[Event "Famalicao op 1st"]
[Site "Famalicao"]
[Date "2013.08.27"]
[Round "4.10"]
[White "Fernandes, Claudio Micael Sous"]
[Black "Pintor, Simao Maciel Abranc"]
[Result "1-0"]
[WhiteElo "1626"]
[BlackElo "1909"]
[PlyCount "79"]
[EventDate "2013.08.26"]
[EventType "swiss"]
[EventRounds "9"]
[EventCountry "POR"]
[SourceTitle "EXT 2015"]
[Source "ChessBase"]
[SourceDate "2014.11.20"]
[SourceVersion "1"]
[SourceVersionDate "2014.11.20"]
[SourceQuality "1"]

1. e4 c5 2. Nf3 d6 3. c3 g6 4. g3 Bg7 5. Bg2 Nc6 6. d3 e6 7. 0-0 Nge7 8. Nbd2 0-0 9. Re1 Rb8 10. h4 b5 11. Nf1 b4 12. Bd2 Ba6 13. d4 bxc3 14. Bxc3 cxd4 15. Nxd4 Ne5 16. Ne3 Nd3 17. Re2 Nc5 18. Rd2 Qe8 19. Nb3 Bxc3 20. bxc3 Nb7 21. Ng4 f5 22. exf5 Nxf5 23. Nd4 Nxd4 24. Rxd4 d5 25. Rxd5 Be2 26. Nh6+ Kg7 27. Rd7+ Kf6 28. Qd2 e5 29. Bh3 Qxd7 30. Qxd7 Bf3 31. Ng4+ Bxg4 32. Bxg4 Rfe8 33. Rd1 h5 34. Bf3 e4 35. Bxe4 Rbd8 36. Qa4 Rxd1+ 37. Qxd1 Rxe4 38. Qf3+ Ke5 39. Qf7 Nd6 40. f4+ 1-0

[Event "POR-ch U20"]
[Site "Braga"]
[Date "2013.08.05"]
[Round "5.7"]
[White "Fernandes, Claudio Micael Sous"]
[Black "Fernandes, Afonso Sampaio SP"]
[Result "0-1"]
[WhiteElo "1626"]
[BlackElo "1791"]
[PlyCount "67"]
[EventDate "2013.08.02"]
[EventType "swiss"]
[EventRounds "7"]
[EventCountry "POR"]
[SourceTitle "EXT 2015"]
[Source "ChessBase"]
[SourceDate "2014.11.20"]
[SourceVersion "1"]
[SourceVersionDate "2014.11.20"]
[SourceQuality "1"]

1. e4 c6 2. d4 d5 3. Nc3 dxe4 4. Nxe4 Bf5 5. Ng3 Bg6 6. h4 h6 7. N1e2 Nf6 8. Nf4 Bh7 9. Bc4 Qd6 10. Qe2 e6 11. Be3 Nbd7 12. 0-0-0 Nb6 13. Bb3 Nbd5 14. Nxd5 Nxd5 15. Bd2 0-0-0 16. Ne4 Bxe4 17. Qxe4 Nf6 18. Qf3 Qc7 19. Be3 Bd6 20. c4 Rd7 21. Kb1 Qa5 22. d5 exd5 23. cxd5 c5 24. Rc1 Kb8 25. Bf4 Qc7 26. Bxd6 Qxd6 27. Rhe1 b5 28. Rcd1 c4 29. Bc2 Rhd8 30. b3 Nxd5 31. Be4 Qc5 32. Rxd5 Rxd5 33. Qf4+ Qd6 34. Qxf7 0-1